Υπολογιστική νέφους : το μέλλον της υπολογιστικής

Αποθηκεύτηκε σε:
Λεπτομέρειες βιβλιογραφικής εγγραφής
Κύριος συγγραφέας: Comer, Douglas
Μορφή: Βιβλίο
Γλώσσα:Greek
English
Δημοσίευση: Αθήνα : Κλειδάριθμος, c2023.
Θέματα:
Ετικέτες: Προσθήκη ετικέτας
Δεν υπάρχουν, Καταχωρήστε ετικέτα πρώτοι!

MARC

LEADER 00000nam a2200000 a 4500
001 1/126594
008 230516s2023####gr | ||| |||| ||gre||
020 |a 9789606453762 
040 |a GR-MyUa  |b gre  |c GR-MyUa  |e AACR2 
041 1 |a gre  |h eng 
082 7 |a 004.9782   |2 (23) 
100 1 |a Comer, Douglas. 
245 1 0 |a Υπολογιστική νέφους :   |b το μέλλον της υπολογιστικής /   |c Douglas E. Comer ; μετάφραση: Παναγιώτης Καναβός ; επιστημονική επιμέλεια ελληνικής έκδοσης: Παναγιώτης Παπαδημητρίου. 
260 |a Αθήνα :   |b Κλειδάριθμος,   |c c2023. 
300 |a 348 σ. ;   |c 24 εκ. 
500 |a Τίτλος πρωτοτύπου: The cloud computing book. 
500 |a Περιλαμβάνει ευρετήριο. 
650 0 |a Cloud computing. 
920 |a Εύδοξος  |b Παραγγελία  |y Σύρος-ΤΜΣΠΣ  |z 2023-05 
970 |a Κοντού  |b Παρασκευή  |z 16/05/2023